000 00406cam a2200169ua 4500
020 _c7.50
041 _aeng
_h
082 _a651.73
_bVAR/OF
100 _aVarma, Brothers .
245 _aOffice procedure and drafting /
_cVarma brothers.
_hTextual Documents
260 _aNewdelhi :
_bVarma Brothers.
300 _a483 ; .
365 _a7.50
504 _a
942 _cBK
999 _c6378
_d6378